Biggest Five Letter US Cities - Statistics

General Stats
  • This quiz has been taken 180 times
    88 since last reset
  • The average score is 10 of 16
Answer Stats
State Population City % Correct
Florida 455,924 Miami
97%
Idaho 235,421 Boise
89%
Florida 403,364 Tampa
89%
Nebraska 483,335 Omaha
88%
Oklahoma 411,894 Tulsa
86%
Oregon 177,432 Salem
78%
Ohio 188,701 Akron
73%
Utah 113,343 Provo
68%
North Dakota 133,188 Fargo
67%
Georgia 156,512 Macon
60%
Arizona 189,834 Tempe
55%
Texas 290,190 Plano
48%
Idaho 114,268 Nampa
41%
Texas 110,327 Tyler
30%
Texas 111,620 Allen
22%
Illinois 113,310 Elgin
21%
No matching quizzes found
Score Distribution
Percent of People with Each Score
Percentile by Number Answered
Your Score History
You have not taken this quiz since the last reset